[Event "London Classic Open 2016"]
[Site "London ENG"]
[Date "2016.12.16"]
[Round "9.16"]
[White "Wells, Peter K"]
[Black "Schroeder, Jan-Christian"]
[Result "1/2-1/2"]
[WhiteTitle "GM"]
[BlackTitle "GM"]
[WhiteElo "2431"]
[BlackElo "2541"]
[WhiteFideId "400327"]
[BlackFideId "24662259"]
[EventDate "2016.12.09"]

1. d4 d5 2. c4 e6 3. Nf3 Nf6 4. g3 Bb4+ 5. Bd2 Bd6 6. Bg2 O-O 7. O-O c6 8. Qc2
Nbd7 9. Nc3 dxc4 10. Rad1 Re8 11. e4 Bf8 12. e5 Nd5 13. Ng5 g6 14. Nce4 b5 15.
h4 Be7 16. h5 c5 17. hxg6 hxg6 18. Nxe6 fxe6 19. Nd6 Nf8 20. dxc5 Bxd6 21. cxd6
Bb7 22. Rfe1 Qd7 1/2-1/2

[Event "London Classic Open 2016"]
[Site "London ENG"]
[Date "2016.12.16"]
[Round "9.17"]
[White "Daulyte, Deimante"]
[Black "Adair, James R"]
[Result "1-0"]
[WhiteTitle "IM"]
[BlackTitle "IM"]
[WhiteElo "2429"]
[BlackElo "2489"]
[WhiteFideId "12802859"]
[BlackFideId "406252"]
[EventDate "2016.12.09"]

1. e4 c5 2. Nf3 d6 3. Bb5+ Nd7 4. d4 cxd4 5. Qxd4 a6 6. Bxd7+ Bxd7 7. c4 Rc8 8.
Nc3 Qc7 9. b3 e5 10. Qe3 Nf6 11. a4 Be7 12. O-O O-O 13. Ba3 b5 14. axb5 axb5 15.
Nxe5 Be8 16. Nd5 Nxd5 17. cxd5 b4 18. Bxb4 Qb8 19. Nd3 Bb5 20. Bd2 Bd8 21. Qg3
f5 22. Rfe1 Bb6 23. Nf4 Bd4 24. Ne6 Bxa1 25. Rxa1 Rf7 26. exf5 Qb7 27. Bc3 Qxd5
28. Bxg7 Qxf5 29. Bb2+ Qg6 30. Qc3 Rff8 31. Qh8+ Kf7 32. Nxf8 Rxf8 33. Qc3 Bd7
34. h3 Rg8 35. Qc4+ Qe6 36. Qf4+ Ke8 37. Ra8+ Bc8 38. Qa4+ Kd8 39. Qa5+ Ke7 40.
Qa7+ Bd7 41. Rxg8 Qxg8 42. Qe3+ Be6 43. b4 Qg6 44. Kh2 Qf5 45. Qd4 Bd5 46. b5
Ke6 47. Qg4 Qxg4 48. hxg4 Be4 49. b6 Kd7 50. f4 Bd3 51. f5 Bf1 52. Kg3 Ba6 53.
Kf4 Bb7 54. g3 Ke7 55. Kg5 Kf7 56. Kh6 Kg8 57. g5 Be4 58. g4 1-0

[Event "London Classic Open 2016"]
[Site "London ENG"]
[Date "2016.12.16"]
[Round "9.18"]
[White "Flear, Glenn C"]
[Black "Karthikeyan, P."]
[Result "1/2-1/2"]
[WhiteTitle "GM"]
[BlackTitle "IM"]
[WhiteElo "2428"]
[BlackElo "2474"]
[WhiteFideId "400165"]
[BlackFideId "5018226"]
[EventDate "2016.12.09"]

1. d4 Nf6 2. c4 e6 3. Nf3 b6 4. e3 Bb7 5. Bd3 d5 6. O-O Bd6 7. b3 O-O 8. Nc3
Nbd7 9. Bb2 a6 10. Rc1 Qe7 11. cxd5 exd5 12. Re1 Rfe8 13. Bf1 g6 14. g3 h5 15.
Bg2 Rad8 16. Rc2 Bb4 17. Qc1 Qf8 18. Rd1 Bd6 19. Na4 Qe7 20. Rxc7 Bxc7 21. Qxc7
b5 22. Qxb7 bxa4 23. Ne5 Nxe5 24. Qxe7 Nf3+ 25. Bxf3 Rxe7 26. Ba3 Rb7 27. Rc1
axb3 28. axb3 Ne4 29. Bxe4 dxe4 30. b4 Rd5 31. Rc6 Ra7 32. Kg2 Kg7 33. f3 exf3+
34. Kxf3 Rf5+ 35. Ke2 a5 36. bxa5 Raxa5 37. Rc3 Ra4 38. h4 f6 39. Rc7+ Kg8 40.
Rc8+ Kf7 41. Rc7+ Ke8 42. Bd6 Ra2+ 43. Kd3 Rd5 44. Bf4 Rd7 45. Rc5 Kf7 46. Rb5
Rda7 47. Rc5 R2a5 48. Rc6 R5a6 49. Rc5 Ra5 1/2-1/2

[Event "London Classic Open 2016"]
[Site "London ENG"]
[Date "2016.12.16"]
[Round "9.19"]
[White "Bates, Richard A"]
[Black "Deepan, Chakkravarthy J."]
[Result "0-1"]
[WhiteTitle "IM"]
[BlackTitle "GM"]
[WhiteElo "2347"]
[BlackElo "2471"]
[WhiteFideId "403555"]
[BlackFideId "5011132"]
[EventDate "2016.12.09"]

1. d4 d5 2. c4 e6 3. Nf3 Nf6 4. e3 b6 5. Bd3 Bb7 6. O-O Bd6 7. b3 O-O 8. Bb2
Nbd7 9. Nbd2 Re8 10. Ne5 c5 11. cxd5 exd5 12. f4 a6 13. Ndf3 cxd4 14. Nxd7 Qxd7
15. Bxd4 Qe7 16. Bxb6 Bc5 17. Bxc5 Qxc5 18. Nd4 Rxe3 19. Rc1 Qb6 20. Kh1 g6 21.
Bb1 Rae8 22. Qd2 Ng4 23. h3 Nf6 24. Rf3 R3e7 25. f5 Ne4 26. Qb2 Qd6 27. fxg6
hxg6 28. Bxe4 dxe4 29. Re3 Qe5 30. Rc4 Rd7 31. Qc3 Red8 32. Ne2 Rd1+ 33. Ng1 Qf4
34. Rf3 Qd2 35. Qxd2 R8xd2 36. Re3 Rxa2 37. Rc7 Bd5 38. Rd7 Kf8 39. Kh2 Ke8 40.
Ra7 Rdd2 41. Rg3 Kf8 42. b4 e3 43. Nf3 Bxf3 44. Rxf3 Rxg2+ 0-1

[Event "London Classic Open 2016"]
[Site "London ENG"]
[Date "2016.12.16"]
[Round "9.20"]
[White "Fressinet, Laurent"]
[Black "Lercel, Michal"]
[Result "1-0"]
[WhiteTitle "GM"]
[WhiteElo "2672"]
[BlackElo "2266"]
[WhiteFideId "608742"]
[BlackFideId "1114700"]
[EventDate "2016.12.09"]

1. e4 e5 2. Nf3 Nc6 3. Bc4 Bc5 4. O-O Nf6 5. d3 a6 6. a4 d6 7. c3 Ba7 8. Re1 h6
9. Nbd2 O-O 10. h3 Qe7 11. b4 Be6 12. Bb3 Nh5 13. Nf1 Bxb3 14. Qxb3 Qe6 15. Rb1
Qxb3 16. Rxb3 f5 17. b5 axb5 18. axb5 Ne7 19. d4 fxe4 20. Rxe4 Ng6 21. Re1 Nhf4
22. Be3 exd4 23. cxd4 Bb6 24. Bd2 Ra2 25. h4 Nd5 26. Ne3 Ngf4 27. Nc4 Ba7 28. g3
Nh5 29. Kg2 Nhf6 30. Rbb1 Ra4 31. Rec1 Ne4 32. Be1 Ra2 33. Ra1 Rxa1 34. Rxa1 Bb6
35. Ra3 g5 36. Nxb6 cxb6 37. hxg5 hxg5 38. Ra7 Rb8 39. Ra2 Kf7 40. Re2 Re8 41.
Rxe4 1-0

[Event "London Classic Open 2016"]
[Site "London ENG"]
[Date "2016.12.16"]
[Round "9.21"]
[White "Ehlvest, Jaan"]
[Black "Zujev, Oleg"]
[Result "1-0"]
[WhiteTitle "GM"]
[WhiteElo "2532"]
[BlackElo "2340"]
[WhiteFideId "4500016"]
[BlackFideId "12801585"]
[EventDate "2016.12.09"]

1. d4 Nf6 2. Nf3 g6 3. Bg5 Bg7 4. e3 d5 5. Be2 c5 6. c3 Qb6 7. Qb3 Nc6 8. O-O
O-O 9. Nbd2 c4 10. Qa3 Bf5 11. b3 cxb3 12. axb3 a5 13. h3 Rfe8 14. Qa4 Ne4 15.
Nxe4 Bxe4 16. Nd2 Bf5 17. Bf3 Bd3 18. Rfc1 h6 19. Bh4 e6 20. e4 g5 21. Bg3 Red8
22. exd5 exd5 23. Nf1 f5 24. Ne3 Ne7 25. Be5 Bxe5 26. dxe5 Qe6 27. c4 b5 28. Qa2
Be4 29. cxd5 Nxd5 30. Bxe4 fxe4 31. b4 axb4 32. Qxa8 Rxa8 33. Rxa8+ Kf7 34. Ra7+
Kg6 35. Rd1 Qb6 36. Rd7 Qa5 37. R1xd5 1-0

[Event "London Classic Open 2016"]
[Site "London ENG"]
[Date "2016.12.16"]
[Round "9.22"]
[White "Bellahcene, Bilel"]
[Black "Gedajlovic, Max"]
[Result "1-0"]
[WhiteTitle "IM"]
[BlackTitle "FM"]
[WhiteElo "2496"]
[BlackElo "2338"]
[WhiteFideId "696358"]
[BlackFideId "2616840"]
[EventDate "2016.12.09"]

1. d4 Nf6 2. c4 g6 3. Nc3 d5 4. Bf4 Bg7 5. e3 O-O 6. Rc1 Be6 7. c5 Nh5 8. Bg5 b6
9. b4 a5 10. b5 bxc5 11. dxc5 h6 12. Bh4 d4 13. exd4 Qxd4 14. Qxd4 Bxd4 15. g4
Bxg4 16. Nd5 Nd7 17. Be2 Bxe2 18. Nxe2 Bxc5 19. Bxe7 Bxe7 20. Nxe7+ Kg7 21. Rxc7
Nhf6 22. Rg1 Rfe8 23. Nf5+ Kh7 24. Nd4 Rac8 25. Rxc8 Rxc8 26. Rg3 Nb6 27. Nc6 a4
28. Rd3 Nfd5 29. Nc3 Nc7 30. Rd6 Ne8 31. Rd8 Rxd8 32. Nxd8 Kg7 33. Ke2 Kf6 34.
Kd3 Ke7 35. Nc6+ Kd6 36. Kd4 Nc7 37. Ne4+ Ke6 38. Kc5 Nd7+ 39. Kb4 Kd5 40. Nc3+
Kd6 41. Nd8 Ne5 42. Kxa4 Kd7 43. Nb7 Nd3 44. Ne4 Ne6 45. Ka5 f5 46. Nf6+ Kc7 47.
Ka6 Nxf2 48. Ka7 Nd4 49. b6+ Kc8 50. Na5 Nb5+ 51. Ka8 Nc7+ 52. Ka7 Nb5+ 53. Ka6
Nc7+ 54. bxc7 Kxc7 55. Kb5 g5 56. Nc4 h5 57. a4 h4 58. a5 g4 59. a6 g3 60. Nd5+
Kc8 61. hxg3 h3 62. Kc6 Kb8 63. Kb6 1-0

[Event "London Classic Open 2016"]
[Site "London ENG"]
[Date "2016.12.16"]
[Round "9.23"]
[White "Sowray, Peter J"]
[Black "Fodor, Tamas Jr."]
[Result "0-1"]
[WhiteTitle "FM"]
[BlackTitle "GM"]
[WhiteElo "2307"]
[BlackElo "2494"]
[WhiteFideId "400971"]
[BlackFideId "723762"]
[EventDate "2016.12.09"]

1. c4 Nf6 2. g3 e5 3. Bg2 d5 4. cxd5 Nxd5 5. Nc3 Nb6 6. Nf3 Nc6 7. O-O Be7 8. a3
O-O 9. b4 Be6 10. Rb1 f6 11. d3 Nd4 12. Nd2 c6 13. Nde4 Bf7 14. f4 exf4 15. gxf4
Nd5 16. Nxd5 cxd5 17. Ng3 Re8 18. Bb2 Qb6 19. Kh1 Rac8 20. Rc1 Bf8 21. Rxc8 Rxc8
22. Qa4 Rd8 23. Rc1 Ne6 24. b5 Nc5 25. Qd4 Qxb5 26. Rf1 Nb3 27. Qc3 d4 28. Qc7
Rd7 29. Qc8 Nc5 30. Rc1 Qb6 31. Rxc5 Rd8 32. Qxd8 Qxd8 33. Rc2 Bd5 34. Ne4 b6
35. Bh3 Qe7 36. Rc8 Bxe4+ 37. dxe4 Qxe4+ 38. Bg2 Qf5 0-1

[Event "London Classic Open 2016"]
[Site "London ENG"]
[Date "2016.12.16"]
[Round "9.24"]
[White "Bellaiche, Anthony"]
[Black "Player, Edmund C"]
[Result "1-0"]
[WhiteTitle "IM"]
[WhiteElo "2472"]
[BlackElo "2239"]
[WhiteFideId "615668"]
[BlackFideId "406520"]
[EventDate "2016.12.09"]

1. d4 Nf6 2. c4 g6 3. Nc3 d5 4. Bg5 Ne4 5. Bh4 Nxc3 6. bxc3 dxc4 7. e3 Bg7 8.
Bxc4 O-O 9. Nf3 b6 10. O-O Bb7 11. Qe2 Nd7 12. e4 Nf6 13. Nd2 Qd7 14. h3 Rfc8
15. f4 c5 16. d5 Ne8 17. Rad1 Nd6 18. Bd3 Bxc3 19. f5 f6 20. fxg6 hxg6 21. e5
Bxe5 22. Nf3 Bc3 23. Bxg6 Kg7 24. Bb1 Rg8 25. Qc2 Kf8 26. Qxc3 Qxh3 27. Rf2 Nf5
28. Bxf6 Ng3 29. Bg7+ 1-0

[Event "London Classic Open 2016"]
[Site "London ENG"]
[Date "2016.12.16"]
[Round "9.25"]
[White "Nasuta, Grzegorz"]
[Black "Garcia Martinez, Marcos"]
[Result "1-0"]
[WhiteTitle "IM"]
[WhiteElo "2448"]
[BlackElo "2160"]
[WhiteFideId "1141686"]
[BlackFideId "22245073"]
[EventDate "2016.12.09"]

1. e4 e6 2. d4 d5 3. Nc3 Nf6 4. e5 Nfd7 5. f4 c5 6. Nf3 Nc6 7. Be3 Qb6 8. Na4
Qa5+ 9. c3 cxd4 10. b4 Nxb4 11. cxb4 Bxb4+ 12. Bd2 Bxd2+ 13. Nxd2 O-O 14. Bd3 b6
15. O-O Ba6 16. Bxa6 Qxa6 17. Nf3 Nc5 18. Nb2 d3 19. a4 Rac8 20. Nd4 Ne4 21.
Nxd3 Nc3 22. Qf3 Qc4 23. Nb5 Nxb5 24. axb5 Qxb5 25. f5 exf5 26. Qxf5 g6 27. Qf3
Qd7 28. Nf2 Rc4 29. Rad1 Rd8 30. Nh3 Qe7 31. Nf4 Qxe5 32. Nxd5 f5 33. Qd3 Rdc8
34. Rde1 1-0

[Event "London Classic Open 2016"]
[Site "London ENG"]
[Date "2016.12.16"]
[Round "9.26"]
[White "Moen, Andreas"]
[Black "Arkell, Keith C"]
[Result "1/2-1/2"]
[WhiteTitle "IM"]
[BlackTitle "GM"]
[WhiteElo "2327"]
[BlackElo "2447"]
[WhiteFideId "1501453"]
[BlackFideId "400270"]
[EventDate "2016.12.09"]

1. e4 c6 2. d4 d5 3. Nd2 dxe4 4. Nxe4 Nd7 5. Ng5 Ngf6 6. Bd3 Nb6 7. N1f3 h6 8.
Ne4 Nxe4 9. Bxe4 Bg4 10. h3 Bxf3 11. Bxf3 g6 12. Bf4 Bg7 13. c3 Nd5 14. Bh2 O-O
15. O-O e6 16. Qb3 b5 17. a4 a6 18. Ra2 Qg5 19. axb5 axb5 20. Rxa8 Rxa8 21. c4
bxc4 22. Qxc4 Rc8 23. Rd1 Qd8 24. b3 Qb6 25. h4 Rd8 26. Be5 Ne7 27. Bxg7 Kxg7
28. b4 Nf5 29. Bxc6 Nxd4 30. Be4 e5 31. Kf1 f5 32. Bb1 Rb8 33. Ba2 Qb5 34. Qxb5
Rxb5 35. Rb1 Nc6 36. Rc1 Nxb4 37. Rc7+ Kf8 38. Bc4 Rb6 39. h5 Rc6 40. Rxc6 Nxc6
41. hxg6 Kg7 42. Bd3 e4 43. Bb1 Nd4 44. g4 Kxg6 45. Kg2 fxg4 46. Bxe4+ Kg5 47.
Bb7 Kf4 48. Ba8 h5 49. Bb7 h4 50. Ba8 Nc2 51. Bb7 Ne1+ 52. Kf1 Nd3 53. Kg2 h3+
54. Kg1 Ne1 55. Kh2 Nf3+ 56. Kh1 Nd2 57. Kh2 Nf3+ 58. Kh1 Ng5 59. Kh2 Ke5 60.
Bc8 Kf4 61. Bb7 Ne4 62. Kg1 Nc5 63. Ba8 Nd3 64. Bb7 g3 65. fxg3+ Kxg3 66. Bg2
h2+ 67. Kf1 Ne5 68. Bh1 Nf3 69. Ke2 Nh4 70. Kf1 Ng6 71. Ke2 Nf4+ 72. Kf1 Nh3 73.
Ba8 Nf2 74. Bb7 Ng4 75. Bh1 Ne3+ 76. Ke2 Nf5 77. Kf1 Nh4 78. Ke2 Ng2 79. Kf1 Nf4
80. Ba8 Ne6 81. Bh1 Nd4 82. Ke1 Nf5 83. Kf1 Kh3 84. Kf2 Ng3 85. Bg2+ Kg4 86. Bh1
Nxh1+ 1/2-1/2

[Event "London Classic Open 2016"]
[Site "London ENG"]
[Date "2016.12.16"]
[Round "9.27"]
[White "Mirzoyan, David"]
[Black "Cherniaev, Alexander"]
[Result "0-1"]
[WhiteTitle "FM"]
[BlackTitle "GM"]
[WhiteElo "2299"]
[BlackElo "2439"]
[WhiteFideId "13308386"]
[BlackFideId "4117301"]
[EventDate "2016.12.09"]

1. d4 g6 2. c4 Bg7 3. Nc3 d6 4. e4 e5 5. Nge2 Nd7 6. Be3 Ngf6 7. f3 h5 8. Qd2 c6
9. O-O-O Qc7 10. Kb1 a6 11. Nc1 b6 12. Nb3 Bb7 13. a4 O-O 14. dxe5 dxe5 15. c5
b5 16. Qd6 Qc8 17. Na5 Re8 18. b4 Nf8 19. Qd2 Ne6 20. Bd3 Rd8 21. Ne2 Qc7 22.
Qa2 Nd7 23. Nxb7 Qxb7 24. a5 Nf4 25. Nxf4 exf4 26. Bxf4 Ne5 27. Bc2 Qe7 28. Bb3
g5 29. Bxe5 Bxe5 30. Qc2 Qf6 31. Ka2 h4 32. h3 Kf8 33. Rxd8+ Rxd8 34. Rd1 Rxd1
35. Qxd1 Ke7 36. Qd3 Qf4 37. Kb1 Qh2 38. Qd2 Qg1+ 39. Kc2 Bf4 40. Qe2 Qd4 0-1

[Event "London Classic Open 2016"]
[Site "London ENG"]
[Date "2016.12.16"]
[Round "9.28"]
[White "O'Toole, George E"]
[Black "Raghunandan, Kaumandur Srihari"]
[Result "1/2-1/2"]
[BlackTitle "IM"]
[WhiteElo "2262"]
[BlackElo "2423"]
[WhiteFideId "412732"]
[BlackFideId "25004964"]
[EventDate "2016.12.09"]

1. e4 c5 2. c3 d5 3. exd5 Qxd5 4. d4 Nc6 5. Be3 cxd4 6. cxd4 e5 7. Nc3 Bb4 8. a3
Bxc3+ 9. bxc3 exd4 10. Nf3 Bg4 11. Be2 Nf6 12. cxd4 Ne4 13. Qd3 O-O 14. O-O Rad8
15. Qc4 Qxc4 16. Bxc4 Bxf3 17. gxf3 Nd2 18. Bxd2 Rxd4 19. Bxf7+ Rxf7 20. Be3 Rd6
21. f4 Rfd7 22. Kg2 Kf7 23. Rfc1 Ke6 24. Rab1 Rd5 25. Rc4 Ra5 26. a4 Ne7 27. Kf3
Nf5 28. Rb3 b6 29. Re4+ Kf6 30. Rc4 Rad5 31. Rbc3 Nd6 32. Rb4 Ke7 33. Rc6 Rb7
34. Rd4 Ke6 35. Rc1 g6 36. Kg4 Rxd4 37. Bxd4 Nf5 38. Be3 Kd6 39. Rb1 Kc6 40.
Rc1+ Kd5 41. h4 Ke4 42. Re1 Kd3 43. h5 Re7 44. hxg6 hxg6 45. Kg5 Re6 46. Rd1+
Kc4 47. Rd7 a5 48. Rb7 Nxe3 49. fxe3 Kb4 50. e4 Kxa4 51. f5 gxf5 52. exf5 Rc6
53. f6 b5 54. f7 Rc8 55. Re7 Rf8 56. Kf6 b4 57. Re8 Rxf7+ 58. Kxf7 Ka3 59. Ke6
b3 60. Kd5 b2 61. Rb8 a4 62. Kc4 Ka2 63. Kc3 a3 64. Kc2 Ka1 65. Rb3 a2 66. Rxb2 1/2-1/2

[Event "London Classic Open 2016"]
[Site "London ENG"]
[Date "2016.12.16"]
[Round "9.29"]
[White "Eggleston, David J"]
[Black "Lyell, Mark"]
[Result "1/2-1/2"]
[WhiteTitle "IM"]
[BlackTitle "FM"]
[WhiteElo "2399"]
[BlackElo "2203"]
[WhiteFideId "412120"]
[BlackFideId "402354"]
[EventDate "2016.12.09"]

1. e4 e6 2. d4 d5 3. Nc3 Nf6 4. Bg5 Bb4 5. e5 h6 6. exf6 hxg5 7. fxg7 Rg8 8. h4
gxh4 9. Qh5 Qf6 10. Qxh4 Qxg7 11. O-O-O Bd7 12. Qf4 Bd6 13. Qe3 Bc6 14. Nf3 Nd7
15. Bb5 Nb6 16. Qd3 Nc4 17. Bxc6+ bxc6 18. Na4 Rb8 19. c3 Qf8 20. b3 Bf4+ 21.
Kc2 Qa3 22. Ra1 Rxg2 23. Rh8+ Ke7 24. Rxb8 Rxf2+ 25. Kd1 Qb2 26. Ke1 Rxf3 27.
Nxb2 Bg3+ 28. Ke2 Rf2+ 29. Ke1 Rf3+ 30. Ke2 1/2-1/2

[Event "London Classic Open 2016"]
[Site "London ENG"]
[Date "2016.12.16"]
[Round "9.30"]
[White "Hrdina, Robin"]
[Black "Houska, Jovanka"]
[Result "1/2-1/2"]
[BlackTitle "IM"]
[WhiteElo "2120"]
[BlackElo "2397"]
[WhiteFideId "339342"]
[BlackFideId "405094"]
[EventDate "2016.12.09"]

1. e4 c6 2. d4 d5 3. exd5 cxd5 4. Bd3 Nc6 5. c3 Qc7 6. h3 Nf6 7. Nf3 g6 8. O-O
Bf5 9. Bxf5 gxf5 10. Re1 e6 11. Ne5 Nxe5 12. Bf4 Nfd7 13. dxe5 O-O-O 14. Nd2 Rg8
15. Nf3 Be7 16. b4 Kb8 17. Rc1 Nb6 18. a4 Nc4 19. a5 Qd7 20. Qd4 Rc8 21. Ra1 Ka8
22. Red1 Qc6 23. Ra2 Rg6 24. Qd3 Rcg8 25. g3 h5 26. Nd4 Qe8 27. a6 b6 28. Qf3 h4
29. Nxf5 hxg3 30. fxg3 Bd8 31. Nd6 1/2-1/2

[Event "London Classic Open 2016"]
[Site "London ENG"]
[Date "2016.12.16"]
[Round "9.31"]
[White "Martins, David Pires Tavares"]
[Black "Sun, Xinyue"]
[Result "1-0"]
[WhiteTitle "FM"]
[WhiteElo "2382"]
[BlackElo "2082"]
[WhiteFideId "1909991"]
[BlackFideId "8600813"]
[EventDate "2016.12.09"]

1. c4 Nf6 2. Nc3 e6 3. e4 d5 4. e5 d4 5. exf6 dxc3 6. bxc3 Qxf6 7. Nf3 h6 8. d4
Nd7 9. Bd3 c6 10. O-O Bd6 11. Qe2 Qe7 12. Re1 O-O 13. Qe4 Nf6 14. Qh4 Nh7 15.
Qh3 Qd8 16. Ne5 f5 17. Bf4 g5 18. Qg3 Bxe5 19. Bxe5 Nf6 20. Bxf6 Rxf6 21. c5 Kf7
22. Bc4 Bd7 23. Re2 Qb8 24. Re5 b5 25. cxb6 axb6 26. Rae1 Qc8 27. Bb3 Ra5 28.
Rxa5 bxa5 29. Qd6 c5 30. dxc5 Bc6 31. Rd1 Qa8 32. Qc7+ Kg6 33. Rd8 Qa6 34. Rg8+
Kh5 35. c4 Be4 36. Qg3 g4 37. h3 Rg6 38. hxg4+ fxg4 39. Qe5+ Bf5 40. Rf8 a4 41.
Qh2+ Kg5 42. g3 h5 43. Qh4+ Kh6 44. Rh8+ Kg7 45. Qd8 Rg5 46. Qf8+ 1-0

[Event "London Classic Open 2016"]
[Site "London ENG"]
[Date "2016.12.16"]
[Round "9.32"]
[White "Batchelor, Peter J"]
[Black "Stanisz, Patryk"]
[Result "1-0"]
[WhiteTitle "FM"]
[WhiteElo "2365"]
[BlackElo "2064"]
[WhiteFideId "424854"]
[BlackFideId "1123106"]
[EventDate "2016.12.09"]

1. d4 f5 2. Nf3 Nf6 3. c4 g6 4. g3 Bg7 5. Bg2 d6 6. Nc3 O-O 7. O-O c6 8. d5 Qe8
9. Nd4 e5 10. dxe6 Bxe6 11. b3 Na6 12. Bb2 Rd8 13. Qc2 Nc5 14. Rfe1 Bc8 15. Rad1
Nce4 16. e3 g5 17. f3 Nxc3 18. Bxc3 Qg6 19. Ne2 Rfe8 20. Qc1 Re7 21. Bxf6 Bxf6
22. f4 h6 23. Rd3 Qe8 24. Kf2 b6 25. Red1 Re6 26. b4 Kg7 27. Nd4 Bxd4 28. Rxd4
c5 29. bxc5 bxc5 30. Rd5 gxf4 31. Qb2+ Kh7 32. exf4 Qh5 33. h4 Rde8 34. Bf3 Qg6
35. h5 Qf6 36. Qxf6 Rxf6 37. Rxd6 Rfe6 38. R1d5 Kg7 39. Rxe6 Bxe6 40. Rxc5 Rb8
41. Ke3 Bf7 42. Rxf5 Bxc4 43. Bd5 Re8+ 44. Kd4 Bxd5 45. Rxd5 Re7 46. g4 Rb7 47.
g5 hxg5 48. fxg5 Rb4+ 49. Ke5 Ra4 50. Rd7+ Kg8 51. g6 Ra5+ 52. Kf6 Ra6+ 53. Kg5
Kf8 54. h6 Ra5+ 55. Kf4 1-0

[Event "London Classic Open 2016"]
[Site "London ENG"]
[Date "2016.12.16"]
[Round "9.33"]
[White "Woong, Zhi Wei William"]
[Black "Siva, Mahadevan"]
[Result "0-1"]
[WhiteTitle "CM"]
[BlackTitle "IM"]
[WhiteElo "2000"]
[BlackElo "2360"]
[WhiteFideId "5804906"]
[BlackFideId "25043153"]
[EventDate "2016.12.09"]

1. e4 c5 2. Nf3 d6 3. Bb5+ Nd7 4. O-O a6 5. Bxd7+ Bxd7 6. Re1 Nf6 7. e5 dxe5 8.
Nxe5 Be6 9. d3 g6 10. Nc3 Bg7 11. Qf3 Nd5 12. Bd2 O-O 13. a4 Nb4 14. Rac1 c4 15.
Nb1 Bxe5 16. Bxb4 Bxb2 17. Rcd1 Bf6 18. dxc4 Qc8 19. Qa3 Qxc4 20. Bxe7 Bxe7 21.
Qxe7 Bd5 22. a5 Bc6 23. Na3 Qg4 0-1

[Event "London Classic Open 2016"]
[Site "London ENG"]
[Date "2016.12.16"]
[Round "9.34"]
[White "Praggnanandhaa, R"]
[Black "Kett, Tim"]
[Result "1-0"]
[WhiteTitle "IM"]
[WhiteElo "2452"]
[BlackElo "2228"]
[WhiteFideId "25059530"]
[BlackFideId "1801210"]
[EventDate "2016.12.09"]

1. e4 e5 2. Nf3 Nc6 3. Bc4 Nf6 4. d3 h6 5. O-O d6 6. c3 g6 7. d4 Qe7 8. Re1 Bg7
9. Nbd2 O-O 10. Bb3 Bd7 11. Nf1 Rae8 12. h3 Nh5 13. a4 Qd8 14. a5 Qc8 15. Bc2
Kh8 16. Ne3 Nf4 17. Nd5 g5 18. dxe5 dxe5 19. Be3 Re6 20. b4 Rfe8 21. b5 Ne7 22.
Bc5 Neg6 23. c4 Nxd5 24. exd5 Rf6 25. Nd2 Nf4 26. Ra3 b6 27. axb6 axb6 28. Bb4
g4 29. h4 Bf5 30. Ne4 Rg6 31. Qb1 Bf8 32. Bxf8 Rxf8 33. Ng3 Bxc2 34. Qxc2 Qd8
35. Qf5 f6 36. Nh5 Rfg8 37. Nxf4 exf4 38. Qxf4 Qf8 39. Rae3 Qc5 40. h5 R6g7 41.
Qxh6+ Rh7 42. Qxf6+ 1-0

[Event "London Classic Open 2016"]
[Site "London ENG"]
[Date "2016.12.16"]
[Round "9.35"]
[White "Pert, Richard G"]
[Black "Aradhya, Garg"]
[Result "1-0"]
[WhiteTitle "IM"]
[WhiteElo "2423"]
[BlackElo "2231"]
[WhiteFideId "404748"]
[BlackFideId "25006746"]
[EventDate "2016.12.09"]

1. d4 d5 2. c4 c6 3. Nf3 Nf6 4. Nc3 dxc4 5. e4 b5 6. Be2 g6 7. O-O Bg7 8. a4 b4
9. e5 Nd5 10. Ne4 c3 11. Bc4 cxb2 12. Bxb2 a5 13. Re1 O-O 14. Rc1 Bf5 15. Ng3
Be6 16. Ng5 Nc3 17. Rxc3 bxc3 18. Nxe6 fxe6 19. Bxe6+ Kh8 20. Bxc3 Na6 21. Ne4
Nc7 22. Nc5 Qe8 23. Qd2 Rb8 24. Bxa5 Nxe6 25. Nxe6 Rf5 26. Bc3 Qd7 27. Nxg7 Kxg7
28. d5 e6 29. d6 c5 30. a5 Qc6 31. Ra1 Rf7 32. a6 Ra7 33. Ba5 c4 34. Qd4 Rf7 35.
Bd8 c3 36. Bf6+ Kg8 37. a7 1-0

[Event "London Classic Open 2016"]
[Site "London ENG"]
[Date "2016.12.16"]
[Round "9.36"]
[White "Warakomska, Anna"]
[Black "Brooks, Phil J"]
[Result "1-0"]
[WhiteTitle "WIM"]
[WhiteElo "2348"]
[BlackElo "2163"]
[WhiteFideId "1130790"]
[BlackFideId "405540"]
[EventDate "2016.12.09"]

1. e4 e6 2. d4 d5 3. Nd2 Nf6 4. e5 Nfd7 5. c3 c5 6. Bd3 b6 7. Ne2 Ba6 8. Bxa6
Nxa6 9. Nf4 Nc7 10. Qg4 g6 11. h4 h5 12. Qg3 Be7 13. Nf3 Nb8 14. Nh3 Nc6 15.
Nhg5 cxd4 16. Qf4 Bxg5 17. Nxg5 Qe7 18. cxd4 Kd7 19. O-O Raf8 20. Be3 Ne8 21.
Qf3 Ng7 22. Qe2 Rc8 23. Qa6 Rc7 24. Rac1 Rhc8 25. Nh7 Ne8 26. Bg5 f6 27. Nxf6+
Nxf6 28. exf6 Qf7 29. Bf4 Qxf6 30. Bxc7 Rxc7 31. Rfd1 Qxh4 32. Rc3 Qf4 33. Rdc1
g5 34. b4 1-0

[Event "London Classic Open 2016"]
[Site "London ENG"]
[Date "2016.12.16"]
[Round "9.37"]
[White "Cox, John J"]
[Black "Zoltek, Tadeusz"]
[Result "1-0"]
[WhiteTitle "IM"]
[BlackTitle "FM"]
[WhiteElo "2320"]
[BlackElo "2140"]
[WhiteFideId "401064"]
[BlackFideId "1101048"]
[EventDate "2016.12.09"]

1. c4 c5 2. g3 Nc6 3. Bg2 g6 4. Nc3 Bg7 5. d3 e6 6. Bxc6 bxc6 7. f4 Ne7 8. Nf3
d6 9. Qd2 O-O 10. b3 f6 11. Bb2 e5 12. O-O-O Bg4 13. Rdf1 Qd7 14. Kb1 Nf5 15. e4
Bxf3 16. Rxf3 Nd4 17. Rf2 Rab8 18. Ne2 Bh6 19. Nxd4 cxd4 20. Qa5 c5 21. Bc1 Qb7
22. Rhf1 f5 23. fxe5 Bxc1 24. Kxc1 fxe4 25. Rxf8+ Rxf8 26. Rxf8+ Kxf8 27. Qd8+
Kg7 28. exd6 Kh6 29. Qh4+ Kg7 30. Qxe4 Qxe4 31. dxe4 Kf7 32. e5 Ke6 33. Kd2 a5
34. Kd3 Kd7 35. a3 1-0